Language Quiz

Random Language or Letter Quiz
Score 0/26 Timer 05:00
0 Plays Today
Letter Language % Correct
EEnglish
99.4%
GEnglish
99.4%
LEnglish
99.4%
HSpanish
96.2%
PSpanish
96.2%
SSpanish
96.2%
FFrench
94.6%
AMandarin
86.3%
DMandarin
86.3%
IMandarin
86.3%
MMandarin
86.3%
NMandarin
86.3%
RMandarin
86.3%
Letter Language % Correct
BArabic
80.5%
CArabic
80.5%
JJapanese
78%
OPortuguese
71.3%
TPortuguese
71.3%
UPortuguese
71.3%
KKorean
47.4%
YMalay
21.1%
QQuechua
13.9%
WWu
12.9%
VJavanese
12.2%
ZUzbek
8.5%
XXiang
4.5%
Remove Ads.
Support Sporcle.
Get the best of Sporcle when you Go Orange. This ad-free experience offers more features, more stats, and more fun while also helping to support Sporcle. Thank you for becoming a member.

You're not logged in!

Compare scores with friends on all Sporcle quizzes.
OR
Log In

Sporcle TV

Today on Sporcle TV


Watch our educational content, quiz creation guides, and fun videos on Sporcle TV.

Show Comments

Extras

Top Quizzes Today


Score Distribution

Paid Content

Your Account Isn't Verified!

In order to create a playlist on Sporcle, you need to verify the email address you used during registration. Go to your Sporcle Settings to finish the process.

Report this User

Report this user for behavior that violates our Community Guidelines.

Details: